| 000 | 00000nas##2200000za#4500 |
| 001 | 9.504936 |
| 003 | CaOODSP |
| 005 | 20210615082335 |
| 007 | cr ||||||||||| |
| 008 | 150406c2005||||xxc|| m o||||f| |0eng|d |
| 040 | |aCaOODSP|beng |
| 043 | |an-cn--- |
| 086 | 1 |aEm7-1E-PDF |
| 110 | 1 |aCanada. |bEmployment and Social Development Canada. |bLabour Program. |
| 245 | 10|aInformation on labour standards : |h[electronic resource]|bPart III of the Canada Labour Code (Labour Standards) |
| 260 | |aOttawa - Ontario : |bEmployment and Social Development Canada. |
| 310 | |aIrregular |
| 500 | |aThe department name changed from Human Resources and Skills Development Canada. |
| 520 | 3 |aThese plain language information sheets for employers and employees use a question-and-answer format to explain the provisions of Part III of the Canada Labor Code (Labour Standards). |
| 775 | 08|tRenseignements sur les normes du travail : |w(CaOODSP)9.501335 |
| 776 | 0#|tInformation on labour standards : |w(CaOODSP)9.511114 |
| 776 | 0#|tRenseignements sur les normes du travail : |w(CaOODSP)9.511115 |
| 780 | 00|tInformation on labour standards : |w(CaOODSP)9.507120 |